000 00970nam a2200265 a 4500
001 000046019
003 OSt
005 20250210113909.0
008 090929s1988 dr r 000 0 spa d
040 _aDO-SdBNP
_bspa
_cBNPHU
082 _a341
_bA696f 1988
100 1 _aArias, Luis,
_q(Arias Núñez)
_99356
245 1 0 _aFundamentos de derecho internacional público /
_cLuis Arias.
260 _aSanto Domingo :
_bUniversidad Autónoma de Santo Domingo,
_c1988.
300 _a135 p. ;
_c21 cm.
490 1 _aUniversidad Autónoma de Santo Domingo
_v282
490 1 _aDerecho y política
_v2
500 _aIncluye datos biográficos en la contraportada
504 _aIncluye referencias bibliográficas y notas al pie de las páginas
590 _aInventariado, 2020 /LP
650 4 _aDerecho internacional público
_99388
830 0 _aUniversidad Autónoma de Santo Domingo, no. 282
_917164
830 0 _aDerecho y politíca, no. 2
_977396
942 _2ddc
_cLBS1
999 _c45508
_d45508